El Visitador Juan de Manozca y Zamora

Guardat en:
Dades bibliogràfiques
Autor principal: Landázuri Camacho, Carlos
Format: Text
Publicat: Quito :
Etiquetes: Afegir etiqueta
Sense etiquetes, Sigues el primer a etiquetar aquest registre!

MARC

LEADER 00000 a a2200000 04500
001 24372
003
040 |a CRAI/IIS  |c CRAI/IIS 
090 |a 172700  
100 |a Landázuri Camacho, Carlos  
245 |a El Visitador Juan de Manozca y Zamora  
260 |a Quito :  
300 |a pp. 79-87  
999 |c 16934  |d 16934